| 000 | 00374nam a22001457a 4500 | ||
|---|---|---|---|
| 003 | OSt | ||
| 082 |
_a338.91 _bFIE/PO |
||
| 100 | _aFields, Gary S | ||
| 245 | _aPoverty, inequality, and development V.1 | ||
| 260 |
_aLondon _bCambridge university press _c1980 |
||
| 300 | _a108p. | ||
| 500 | _aReceived as gratis from Dr. M Mohandas | ||
| 546 | _aEnglish | ||
| 942 |
_2ddc _cBK |
||
| 999 |
_c162477 _d162477 |
||